<?xml version="1.0" encoding="UTF-8"?>
<record
    xmlns:xsi="http://www.w3.org/2001/XMLSchema-instance"
    xsi:schemaLocation="http://www.loc.gov/MARC21/slim http://www.loc.gov/standards/marcxml/schema/MARC21slim.xsd"
    xmlns="http://www.loc.gov/MARC21/slim">

  <leader>00672nam a22001937a 4500</leader>
  <controlfield tag="005">20230913144940.0</controlfield>
  <datafield tag="010" ind1=" " ind2=" ">
    <subfield code="a">UR-10361</subfield>
  </datafield>
  <datafield tag="020" ind1=" " ind2=" ">
    <subfield code="a">9789388736732</subfield>
    <subfield code="c">148.00</subfield>
  </datafield>
  <datafield tag="035" ind1=" " ind2=" ">
    <subfield code="a">U-8916</subfield>
  </datafield>
  <datafield tag="037" ind1=" " ind2=" ">
    <subfield code="b">DBAD/PUB</subfield>
  </datafield>
  <datafield tag="082" ind1=" " ind2=" ">
    <subfield code="a">840.08</subfield>
  </datafield>
  <datafield tag="100" ind1=" " ind2=" ">
    <subfield code="a">&#x6C1;&#x627; &#x634;&#x645;&#x6CC; &#x634;&#x645;&#x64A;&#x645;</subfield>
    <subfield code="9">56552</subfield>
  </datafield>
  <datafield tag="245" ind1=" " ind2=" ">
    <subfield code="a">&#x633;&#x6C1;&#x633;&#x631; &#x627; &#x645; &#x627; &#x648; &#x631; &#x627; &#x631; &#x62F; &#x648;&#x634;&#x627; &#x639;&#x631; &#x6CC; /</subfield>
    <subfield code="c">&#x6C1;&#x627; &#x634;&#x645;&#x6CC; &#x634;&#x645;&#x64A;&#x645;</subfield>
  </datafield>
  <datafield tag="246" ind1=" " ind2=" ">
    <subfield code="b">Sahsaram Aur Urdu Shairi (Urdu) /</subfield>
    <subfield code="a">by Shamim Hashmi </subfield>
  </datafield>
  <datafield tag="260" ind1=" " ind2=" ">
    <subfield code="a">Kolkata</subfield>
    <subfield code="b">Educational Publishing House  </subfield>
    <subfield code="c">2019 &#x621;  </subfield>
  </datafield>
  <datafield tag="270" ind1=" " ind2=" ">
    <subfield code="a">3191,Vakil Street, Kucha Pandit,Lal Kuan,</subfield>
    <subfield code="b">Delhi </subfield>
    <subfield code="e">110006</subfield>
    <subfield code="k">23216162</subfield>
    <subfield code="l">-</subfield>
  </datafield>
  <datafield tag="300" ind1=" " ind2=" ">
    <subfield code="a">234 &#x635;</subfield>
    <subfield code="c">22cm(Hb)</subfield>
  </datafield>
  <datafield tag="942" ind1=" " ind2=" ">
    <subfield code="2">ddc</subfield>
    <subfield code="c">UR</subfield>
    <subfield code="h">840.08</subfield>
    <subfield code="m">&#x6C1; &#x627; &#x634; </subfield>
  </datafield>
  <datafield tag="999" ind1=" " ind2=" ">
    <subfield code="c">166827</subfield>
    <subfield code="d">166827</subfield>
  </datafield>
  <datafield tag="952" ind1=" " ind2=" ">
    <subfield code="0">0</subfield>
    <subfield code="1">0</subfield>
    <subfield code="4">0</subfield>
    <subfield code="7">0</subfield>
    <subfield code="8">NFIC</subfield>
    <subfield code="a">ZLS</subfield>
    <subfield code="b">ZLS</subfield>
    <subfield code="d">2019-08-09</subfield>
    <subfield code="e">DBAD/PUB</subfield>
    <subfield code="g">148.00</subfield>
    <subfield code="l">0</subfield>
    <subfield code="o">840.08 &#x6C1; &#x627; &#x634;</subfield>
    <subfield code="p">U-8916</subfield>
    <subfield code="r">2019-08-09 00:00:00</subfield>
    <subfield code="t">1</subfield>
    <subfield code="v">148.00</subfield>
    <subfield code="w">2019-08-09</subfield>
    <subfield code="y">UR</subfield>
  </datafield>
</record>
